[Event "BCC op 21st"]
[Site "Hua Hin"]
[Date "2024.04.19"]
[Round "7"]
[White "Chernyavsky, Alexander"]
[Black "Sengupta, Deep"]
[Result "0-1"]
[WhiteElo "2354"]
[BlackElo "2500"]
[PlyCount "62"]
[EventDate "2024.04.13"]
[EventType "swiss"]
[EventRounds "9"]
[EventCountry "THA"]
[SourceTitle "CB18_2024"]
[SourceDate "2024.05.01"]
[SourceVersion "1"]
[SourceVersionDate "2024.05.01"]
[SourceQuality "2"]

1. d4 d5 2. c4 c6 3. Nc3 Nf6 4. Nf3 e6 5. g3 dxc4 6. Bg2 Nbd7 7. 0-0 Bb4 8. Qc2 0-0 9. e4 h6 10. e5 Nd5 11. Ne4 b5 12. Neg5 hxg5 13. Nxg5 f5 14. Nxe6 Qe7 15. Bxd5 cxd5 16. Nf4 Bb7 17. Ng6 Qe6 18. Nxf8 Rxf8 19. a4 Ba5 20. axb5 Bb6 21. Rd1 Nxe5 22. Qe2 f4 23. Bxf4 Rxf4 24. gxf4 Qg6+ 25. Kf1 Nd3 26. Qe3 Bc8 27. Ra3 Bf5 28. Rda1 Qh5 29. Kg1 Be4 30. h3 Bxd4 31. Qxd4 Qxh3 0-1

[Event "Hastings Masters op"]
[Site "Hastings"]
[Date "2024.01.02"]
[Round "6"]
[White "Sengupta, Deep"]
[Black "Beaumont, Chris"]
[Result "1-0"]
[WhiteElo "2501"]
[BlackElo "2236"]
[PlyCount "137"]
[EventDate "2023.12.28"]
[EventType "swiss"]
[EventRounds "9"]
[EventCountry "ENG"]
[SourceTitle "CB02_2024"]
[SourceDate "2024.01.10"]
[SourceVersion "1"]
[SourceVersionDate "2024.01.10"]
[SourceQuality "1"]

1. e4 d6 2. d4 Nf6 3. Nc3 g6 4. Be3 c6 5. h3 Bg7 6. f4 Qa5 7. Bd3 Nbd7 8. Nf3 c5 9. 0-0 cxd4 10. Bxd4 0-0 11. Qd2 e5 12. Be3 exf4 13. Bxf4 Nh5 14. Nd5 Qxd2 15. Bxd2 Ng3 16. Rfe1 Ne5 17. Kf2 Nh5 18. Bb4 Rd8 19. g4 Nxf3 20. Kxf3 Nf6 21. Nc7 Rb8 22. Nb5 Ne8 23. Nxa7 Bxb2 24. Rab1 Be5 25. Ba5 Rd7 26. a4 Ra8 27. Bb6 Re7 28. Bf2 Be6 29. Rb5 Rc7 30. Reb1 b6 31. Bxb6 Rcxa7 32. Bxa7 Rxa7 33. Rb8 Rxa4 34. Rxe8+ Kg7 35. g5 Bxh3 36. Rbb8 h6 37. gxh6+ Kh7 38. Rb7 Kxh6 39. Rxf7 Kg5 40. Ke3 Bg4 41. Rf1 Bh5 42. c4 Ra5 43. Rff8 Bh2 44. Ra8 Bf4+ 45. Kf2 Rc5 46. Rab8 Rc7 47. Rb5+ Be5 48. Ke3 Bg4 49. Rf2 Be6 50. Rc2 Rc5 51. Rg2+ Kf6 52. Rf2+ Kg7 53. Rb7+ Kh6 54. Re7 Bg4 55. Rg2 Bc8 56. Rg1 g5 57. Be2 Kg6 58. Re8 Kf7 59. Bh5+ Kf6 60. Rf8+ Ke7 61. Rf7+ Ke6 62. Ra7 Bf4+ 63. Kd4 Kf6 64. Rf7+ Ke6 65. Rh7 Be5+ 66. Kd3 Bf4 67. Ra1 Bg3 68. Raa7 Ke5 69. Rae7+ 1-0

[Event "Hastings Masters op"]
[Site "Hastings"]
[Date "2023.12.30"]
[Round "3"]
[White "Cherniaev, Alexander"]
[Black "Sengupta, Deep"]
[Result "1-0"]
[WhiteElo "2381"]
[BlackElo "2501"]
[PlyCount "111"]
[EventDate "2023.12.28"]
[EventType "swiss"]
[EventRounds "9"]
[EventCountry "ENG"]
[SourceTitle "CB02_2024"]
[SourceDate "2024.01.10"]
[SourceVersion "1"]
[SourceVersionDate "2024.01.10"]
[SourceQuality "1"]

1. e4 e6 2. d4 d5 3. Bd3 c5 4. exd5 exd5 5. c3 cxd4 6. cxd4 Nc6 7. Nc3 Nf6 8. Be3 Bd6 9. h3 0-0 10. Nf3 h6 11. 0-0 a6 12. Rc1 Re8 13. a3 Bc7 14. Qc2 Be6 15. Qd2 Na5 16. Bxh6 Ne4 17. Nxe4 dxe4 18. Bxe4 Bc4 19. Rfe1 Nb3 20. Qb4 Nxc1 21. Qxc4 Rc8 22. Qxc1 Ba5 23. Qf4 Bxe1 24. Qg4 Qf6 25. Bg5 Bxf2+ 26. Kxf2 Qb6 27. b4 Rc3 28. Qh4 Rxe4 29. Qxe4 Qe6 30. Qxb7 Rxa3 31. Bd2 Qf5 32. Qb8+ Kh7 33. Qe5 Qc2 34. Qf4 f6 35. h4 Kg6 36. Kg3 Qf5 37. Qg4+ Qxg4+ 38. Kxg4 Kf7 39. Kf5 g6+ 40. Ke4 Ke6 41. d5+ Kd6 42. Kd4 Ra2 43. g3 a5 44. Bf4+ Kd7 45. bxa5 Ra4+ 46. Kc5 Rxa5+ 47. Kc4 Ra3 48. Nd2 g5 49. hxg5 fxg5 50. Be5 Ra4+ 51. Kd3 Ke7 52. Nc4 Ra6 53. Kd4 Ra2 54. Nb6 Rb2 55. d6+ Ke6 56. d7 1-0

[Event "Cap d'Agde op 21st"]
[Site "Cap d'Agde"]
[Date "2023.11.03"]
[Round "8"]
[White "Sengupta, Deep"]
[Black "Raja, Rithvik R"]
[Result "1-0"]
[WhiteElo "2467"]
[BlackElo "2495"]
[PlyCount "43"]
[EventDate "2023.10.28"]
[EventType "swiss"]
[EventRounds "9"]
[EventCountry "FRA"]
[SourceTitle "Mega2024 Update 01"]
[Source "Chessbase"]
[SourceDate "2023.11.12"]
[SourceVersion "1"]
[SourceVersionDate "2023.11.12"]
[SourceQuality "1"]

1. d4 Nf6 2. Bf4 d5 3. e3 c5 4. Nf3 e6 5. Nbd2 Bd6 6. Bg3 0-0 7. c3 Qc7 8. dxc5 Qxc5 9. c4 dxc4 10. Bxc4 b6 11. Rc1 Bxg3 12. hxg3 Qe7 13. Qc2 h6 14. g4 Bb7 15. g5 hxg5 16. Bd3 g6 17. Bxg6 fxg6 18. Nxg5 Qe8 19. Qc7 Ba6 20. Nde4 Nbd7 21. Nxf6+ Nxf6 22. Rh7 1-0

[Event "IND-ch 60th"]
[Site "Pune"]
[Date "2023.08.23"]
[Round "8"]
[White "Aronyak, Ghosh"]
[Black "Sengupta, Deep"]
[Result "1-0"]
[WhiteElo "2538"]
[BlackElo "2474"]
[PlyCount "119"]
[EventDate "2023.08.16"]
[EventType "swiss"]
[EventRounds "11"]
[EventCountry "IND"]
[SourceTitle "EXT 2024"]
[Source "ChessBase"]
[SourceDate "2023.10.10"]
[SourceVersion "1"]
[SourceVersionDate "2023.10.10"]
[SourceQuality "1"]

1. Nf3 Nf6 2. c4 c6 3. e3 d5 4. Be2 g6 5. b3 Bg7 6. Bb2 0-0 7. 0-0 a5 8. d3 Bg4 9. Nbd2 Na6 10. a3 e6 11. Qc2 Nd7 12. Bxg7 Kxg7 13. Rab1 Kg8 14. h3 Bxf3 15. Nxf3 Qe7 16. Qb2 Rfc8 17. d4 Nc7 18. Rfc1 c5 19. Rc3 b6 20. Rbc1 Rab8 21. R3c2 dxc4 22. Bxc4 Qf6 23. Be2 Rd8 24. Nd2 Ne8 25. Nf3 Nc7 26. Rd1 h5 27. Rcd2 Rbc8 28. a4 cxd4 29. Qxd4 Nd5 30. Ba6 Rc7 31. e4 Qxd4 32. Rxd4 Nc3 33. R1d2 Ra8 34. Rxd7 Rxd7 35. Rxd7 Rxa6 36. Ng5 f6 37. Rd8+ Kg7 38. Rd7+ Kg8 39. Rd8+ Kg7 40. Nxe6+ Kf7 41. Nc7 Ra7 42. Rd7+ Kg8 43. f3 Kh8 44. Kf2 Na2 45. Rd8+ Kg7 46. Rc8 Nb4 47. Nb5 Rd7 48. Rc7 Rxc7 49. Nxc7 h4 50. Nd5 Nd3+ 51. Ke3 Ne1 52. Ke2 Nc2 53. Kd3 Ne1+ 54. Ke2 Nc2 55. Kd2 Nd4 56. Kc3 Ne2+ 57. Kd3 Nc1+ 58. Kc4 Ne2 59. Nxb6 Nf4 60. b4 1-0

[Event "IND-ch 60th"]
[Site "Pune"]
[Date "2023.08.22"]
[Round "7"]
[White "Bhoopnath"]
[Black "Sengupta, Deep"]
[Result "0-1"]
[WhiteElo "1706"]
[BlackElo "2474"]
[PlyCount "72"]
[EventDate "2023.08.16"]
[EventType "swiss"]
[EventRounds "11"]
[EventCountry "IND"]
[SourceTitle "EXT 2024"]
[Source "ChessBase"]
[SourceDate "2023.10.10"]
[SourceVersion "1"]
[SourceVersionDate "2023.10.10"]
[SourceQuality "1"]

1. e4 e5 2. Nf3 Nc6 3. Bc4 Nf6 4. d4 exd4 5. e5 d5 6. Bb5 Nd7 7. Bxc6 bxc6 8. Qxd4 Nc5 9. Bg5 Qd7 10. 0-0 Ne6 11. Qh4 Rb8 12. b3 h6 13. Be3 c5 14. Rd1 Qc6 15. c4 d4 16. Bc1 Be7 17. Qg3 g5 18. Ne1 h5 19. Qf3 Qxf3 20. Nxf3 a5 21. Nbd2 Bb7 22. Nf1 g4 23. Ne1 a4 24. Nd3 h4 25. Nf4 Ra8 26. Bd2 Be4 27. Nd5 Bc2 28. Rdc1 axb3 29. axb3 Rxa1 30. Rxa1 Bxb3 31. Ra8+ Bd8 32. Ba5 Kd7 33. Ra7 Kc6 34. Nd2 Bxc4 35. Nxc7 Bd3 36. Nxe6 fxe6 0-1

[Event "IND-ch 60th"]
[Site "Pune"]
[Date "2023.08.20"]
[Round "5"]
[White "Iniyan, Panneerseluam"]
[Black "Sengupta, Deep"]
[Result "0-1"]
[WhiteElo "2502"]
[BlackElo "2474"]
[PlyCount "116"]
[EventDate "2023.08.16"]
[EventType "swiss"]
[EventRounds "11"]
[EventCountry "IND"]
[SourceTitle "EXT 2024"]
[Source "ChessBase"]
[SourceDate "2023.10.10"]
[SourceVersion "1"]
[SourceVersionDate "2023.10.10"]
[SourceQuality "1"]

1. d4 d5 2. c4 e6 3. Nc3 c6 4. e4 dxe4 5. Nxe4 Bb4+ 6. Bd2 Qxd4 7. Bxb4 Qxe4+ 8. Be2 Na6 9. Ba5 b6 10. Qd6 Bd7 11. Bc3 f6 12. Nf3 Ne7 13. 0-0-0 Qxe2 14. Qxd7+ Kf7 15. Rhe1 Qxc4 16. Rd4 Qxa2 17. Rf4 Nc5 18. Ng5+ Kf8 19. Qd6 Qd5 20. Nxe6+ Nxe6 21. Rxe6 Qxd6 22. Rxd6 Nd5 23. Rd4 Ke7 24. Rxc6 Rhd8 25. Rg4 Kf7 26. Bd2 Rac8 27. Rxc8 Rxc8+ 28. Kd1 Rc7 29. Re4 h5 30. h3 b5 31. Rd4 Ke6 32. Rd3 b4 33. g4 hxg4 34. hxg4 a5 35. b3 Ke5 36. f3 g5 37. Be1 Rh7 38. Bg3+ Ke6 39. Bf2 Nc3+ 40. Kc2 Rh2 41. Rd2 Rh3 42. Rd3 Nd5 43. Ba7 Nf4 44. Re3+ Kf7 45. Bc5 Ng2 46. Re2 Rxf3 47. Re7+ Kg6 48. Bb6 Rc3+ 49. Kb2 Rg3 50. Bxa5 Rxg4 51. Rb7 Ne1 52. Kb1 Nd3 53. Kc2 Rd4 54. Bb6 Rd5 55. Rb8 f5 56. Rg8+ Kh5 57. Bd8 f4 58. Bxg5 Ne1+ 0-1

[Event "Warsaw Najdorf Memorial op-A"]
[Site "Warsaw"]
[Date "2023.07.11"]
[Round "1"]
[White "Sengupta, Deep"]
[Black "Slomczewski, Michal"]
[Result "1-0"]
[WhiteElo "2456"]
[BlackElo "2101"]
[PlyCount "87"]
[EventDate "2023.07.11"]
[EventType "swiss"]
[EventRounds "9"]
[EventCountry "POL"]
[SourceTitle "EXT 2024"]
[Source "ChessBase"]
[SourceDate "2023.10.10"]
[SourceVersion "1"]
[SourceVersionDate "2023.10.10"]
[SourceQuality "1"]

1. e4 c5 2. Nf3 d6 3. c3 Nf6 4. h3 Nc6 5. Bd3 d5 6. e5 Ne4 7. Qe2 Bf5 8. Na3 e6 9. Bb1 Be7 10. d3 Ng5 11. Bxg5 Bxg5 12. g4 Bg6 13. h4 Bc1 14. Nb5 h5 15. Nd6+ Ke7 16. d4 Qb6 17. Bxg6 Qxb2 18. Rb1 Qxc3+ 19. Kd1 Bf4 20. Rxb7+ Kd8 21. Nxf7+ Kc8 22. Rb1 c4 23. Nd6+ Kd8 24. Ng5 Nxd4 25. Qb2 Qxb2 26. Rxb2 Kd7 27. Nh3 Bxe5 28. Nf7 Nf3 29. Re2 hxg4 30. Nhg5 Bf6 31. Nxh8 Rxh8 32. Nxf3 gxf3 33. Re3 e5 34. Rxf3 e4 35. Ra3 Rb8 36. Rxa7+ Kd6 37. Ra6+ Ke5 38. Kc2 Kf4 39. Rb1 Rf8 40. Rb5 Bxh4 41. Rxd5 Bxf2 42. Re6 e3 43. Re4+ Kf3 44. Rxc4 1-0

[Event "Warsaw Maciei Memorial"]
[Site "Warsaw"]
[Date "2023.07.10"]
[Round "5"]
[White "Mulawa, Cyprian"]
[Black "Sengupta, Deep"]
[Result "1-0"]
[WhiteElo "2202"]
[BlackElo "2456"]
[PlyCount "79"]
[EventDate "2023.07.10"]
[EventType "swiss (blitz)"]
[EventRounds "11"]
[EventCountry "POL"]
[SourceTitle "CBM 215 Extra"]
[Source "ChessBase"]
[SourceDate "2023.09.30"]
[SourceVersion "1"]
[SourceVersionDate "2023.09.30"]
[SourceQuality "1"]

1. d4 Nf6 2. c4 c5 3. e3 cxd4 4. exd4 d5 5. Nf3 Nc6 6. Nc3 Be6 7. cxd5 Nxd5 8. Bb5 Rc8 9. 0-0 Bg4 10. h3 Bh5 11. Bg5 h6 12. Bh4 g5 13. Bg3 Bg7 14. Qd3 0-0 15. Bxc6 bxc6 16. Ne5 c5 17. dxc5 Nf4 18. Bxf4 gxf4 19. Nd7 Rc7 20. Rfd1 Bxd1 21. Rxd1 Re8 22. Nf6+ Bxf6 23. Qxd8 Rxd8 24. Rxd8+ Kg7 25. Na4 Rb7 26. b3 e6 27. Rc8 Be5 28. c6 Rb5 29. c7 Kf6 30. Kf1 Rd5 31. Ra8 Bxc7 32. Rxa7 Be5 33. Ke2 Rd8 34. Nc5 Kg6 35. b4 Rd4 36. Rb7 Rc4 37. a4 Bd4 38. Kd3 Rxc5 39. bxc5 Bxf2 40. Ra7 1-0

[Event "Ceske Budejovice GM-B"]
[Site "Ceske Budejovice"]
[Date "2023.07.07"]
[Round "7"]
[White "Sengupta, Deep"]
[Black "Bochnicka, Vladimir1111"]
[Result "0-1"]
[WhiteElo "2456"]
[BlackElo "2330"]
[PlyCount "104"]
[EventDate "2023.07.01"]
[EventType "tourn"]
[EventRounds "9"]
[EventCountry "CZE"]
[EventCategory "5"]
[SourceTitle "CBM 215 Extra"]
[Source "ChessBase"]
[SourceDate "2023.09.30"]
[SourceVersion "1"]
[SourceVersionDate "2023.09.30"]
[SourceQuality "1"]

1. e4 e5 2. Nf3 Nf6 3. d4 Nxe4 4. Bd3 d5 5. dxe5 Nc5 6. Be2 Be7 7. 0-0 0-0 8. Be3 Ne6 9. c4 dxc4 10. Qc2 c6 11. Qxc4 Nd7 12. Nbd2 Qc7 13. Qc3 Nb6 14. Bc4 Nxc4 15. Qxc4 Rd8 16. Ne4 Nf8 17. Nfg5 Ne6 18. Qc3 Rd5 19. Nxe6 Bxe6 20. f4 Rad8 21. f5 Rd3 22. Qe1 Qxe5 23. fxe6 Qxe4 24. exf7+ Kf8 25. Bxa7 Qxe1 26. Raxe1 Bf6 27. Bc5+ Kxf7 28. Re7+ Kg6 29. Rxb7 Rd2 30. a4 Rc2 31. b4 Rdd2 32. Kh1 Rxg2 33. Rg1 Rxg1+ 34. Kxg1 Kf5 35. a5 Ra2 36. Kf1 Ke4 37. Rd7 h5 38. Rd6 Be5 39. Rxc6 Kf3 40. Ke1 Bf4 41. Bd4 Re2+ 42. Kf1 Bd2 43. Rc3+ Bxc3 44. Bxc3 Rc2 45. Be1 Rxh2 46. Kg1 Re2 47. Bc3 Rc2 48. Bd4 g5 49. a6 g4 50. Kh1 Rc1+ 51. Bg1 Kg3 52. a7 Ra1 0-1

[Event "Ceske Budejovice GM-B"]
[Site "Ceske Budejovice"]
[Date "2023.07.05"]
[Round "5"]
[White "Sengupta, Deep"]
[Black "Svanda, Ondrej"]
[Result "1-0"]
[WhiteElo "2456"]
[BlackElo "2358"]
[PlyCount "53"]
[EventDate "2023.07.01"]
[EventType "tourn"]
[EventRounds "9"]
[EventCountry "CZE"]
[EventCategory "5"]
[SourceTitle "CBM 215 Extra"]
[Source "ChessBase"]
[SourceDate "2023.09.30"]
[SourceVersion "1"]
[SourceVersionDate "2023.09.30"]
[SourceQuality "1"]

1. e4 c5 2. c3 Nf6 3. e5 Nd5 4. Nf3 e6 5. d4 cxd4 6. cxd4 d6 7. Bc4 Be7 8. 0-0 0-0 9. Qe2 b6 10. Rd1 Bb7 11. Bxd5 exd5 12. Nc3 Na6 13. Bf4 Nc7 14. Rac1 Ne6 15. exd6 Bxd6 16. Bxd6 Qxd6 17. Qe5 Qd8 18. Nb5 Ba6 19. Nd6 Qf6 20. Qxf6 gxf6 21. Nh4 Rad8 22. Nhf5 Rd7 23. Re1 Nf4 24. Ne8 Nh5 25. g4 Rd8 26. Nc7 Bd3 27. Ne7+ 1-0

[Event "Prague op"]
[Site "Prague"]
[Date "2023.06.23"]
[Round "2"]
[White "Sengupta, Deep"]
[Black "Mannion, Stephen R"]
[Result "1-0"]
[WhiteElo "2473"]
[BlackElo "2198"]
[PlyCount "125"]
[EventDate "2023.06.22"]
[EventType "swiss"]
[EventRounds "9"]
[EventCountry "CZE"]
[SourceTitle "CBM 215 Extra"]
[Source "ChessBase"]
[SourceDate "2023.09.30"]
[SourceVersion "1"]
[SourceVersionDate "2023.09.30"]
[SourceQuality "1"]

1. Nf3 d5 2. e3 Nf6 3. c4 e6 4. b3 c5 5. Bb2 Nc6 6. cxd5 exd5 7. Be2 Bd6 8. d4 cxd4 9. Nxd4 0-0 10. 0-0 Re8 11. Nd2 Nxd4 12. Bxd4 Bf5 13. a3 a6 14. Ra2 Ne4 15. Qa1 Qh4 16. g3 Qh6 17. Bf3 Rac8 18. Nxe4 Bxe4 19. Bg2 Rc6 20. Rc1 Rec8 21. Rxc6 Rxc6 22. Rd2 Bf8 23. b4 Qe6 24. Qd1 Bxg2 25. Kxg2 Qe4+ 26. Qf3 Rc1 27. Qxe4 dxe4 28. Bb2 Rb1 29. g4 h6 30. h4 Be7 31. h5 Bh4 32. Rc2 Kh7 33. Be5 Rb3 34. Rc7 Kg8 35. Rxb7 Rxa3 36. Ra7 Ra4 37. Bd6 Bf6 38. Ra8+ Kh7 39. Re8 Bc3 40. Rxe4 a5 41. Kf3 Bxb4 42. Rc4 f6 43. Rd4 Kg8 44. Ke4 Ra2 45. Bxb4 axb4 46. f4 b3 47. Rb4 Rb2 48. Kf5 Kh7 49. e4 Rb1 50. Rb8 b2 51. Rb7 Kg8 52. Kg6 Kf8 53. g5 Rf1 54. Rxb2 Rxf4 55. Rb8+ Ke7 56. Rb7+ Ke6 57. Rxg7 fxg5 58. Kxh6 g4 59. Kg5 Rxe4 60. h6 Re5+ 61. Kg6 g3 62. h7 g2 63. Kh6 1-0

[Event "Maharashtra op 2nd"]
[Site "Nagpur"]
[Date "2023.06.06"]
[Round "8"]
[White "Babujian, Levon"]
[Black "Sengupta, Deep"]
[Result "1/2-1/2"]
[WhiteElo "2373"]
[BlackElo "2473"]
[PlyCount "120"]
[EventDate "2023.06.01"]
[EventType "swiss"]
[EventRounds "11"]
[EventCountry "IND"]
[SourceTitle "CBM 214 Extra"]
[Source "ChessBase"]
[SourceDate "2023.07.31"]
[SourceVersion "1"]
[SourceVersionDate "2023.07.31"]
[SourceQuality "1"]

1. d4 Nf6 2. c4 e6 3. Nf3 Bb4+ 4. Bd2 a5 5. Nc3 b6 6. e3 Bb7 7. Bd3 0-0 8. Qc2 d5 9. 0-0 Nbd7 10. cxd5 exd5 11. Nb5 c5 12. dxc5 bxc5 13. Bc3 Qb6 14. a4 Rfe8 15. Rfd1 Bc6 16. Bf5 Bxb5 17. axb5 Bxc3 18. bxc3 Ne5 19. Nxe5 Rxe5 20. c4 dxc4 21. e4 g6 22. f4 Re7 23. e5 Nh5 24. Bg4 Qxb5 25. Bxh5 gxh5 26. Rab1 Qe8 27. Qxc4 a4 28. Rd3 a3 29. Rg3+ Kh8 30. Ra1 Ra4 31. Qxc5 Rxf4 32. Raxa3 Rd7 33. Ra1 h4 34. Rga3 Rfd4 35. Re1 Rd1 36. Rae3 Rxe1+ 37. Rxe1 Qe7 38. Qe3 Rd8 39. h3 Rg8 40. Qf2 Rg5 41. Qd4 Kg8 42. Kh1 Rg6 43. Rb1 h6 44. e6 Rf6 45. Rb8+ Kh7 46. Qe4+ Kg7 47. Qg4+ Rg6 48. Qd4+ Rf6 49. Rb6 Kh7 50. Qe4+ Kg7 51. Qd4 Kh7 52. Qd3+ Kg7 53. Qc3 Kh7 54. Qc2+ Kg7 55. Qb2 Kh7 56. Qb1+ Kg7 57. exf7 Rxb6 58. Qxb6 Qe1+ 59. Qg1 Qxg1+ 60. Kxg1 Kxf7 1/2-1/2

[Event "Indore op 1st"]
[Site "Indore"]
[Date "2023.04.06"]
[Round "8"]
[White "Sengupta, Deep"]
[Black "Harsh, Suresh"]
[Result "0-1"]
[WhiteElo "2484"]
[BlackElo "2261"]
[PlyCount "74"]
[EventDate "2023.04.01"]
[EventType "swiss"]
[EventRounds "10"]
[EventCountry "IND"]
[SourceTitle "CBM 213 Extra"]
[Source "ChessBase"]
[SourceDate "2023.05.31"]
[SourceVersion "1"]
[SourceVersionDate "2023.05.31"]
[SourceQuality "1"]

1. e4 g6 2. d4 Bg7 3. Nc3 a6 4. Be3 b5 5. h4 h5 6. Qd2 Bb7 7. f3 d6 8. Nh3 Nd7 9. Ng5 Ngf6 10. a4 c6 11. Be2 Qc7 12. Nd1 e5 13. Nf2 d5 14. dxe5 Nxe5 15. f4 Neg4 16. e5 Nxf2 17. exf6 Nxh1 18. fxg7 Rg8 19. axb5 cxb5 20. Ra3 Ng3 21. Bd4 Ne4 22. Nxe4 dxe4 23. c4 bxc4 24. Ra4 Bd5 25. Ra5 Be6 26. Bf6 Qb6 27. Re5 Rd8 28. Qc2 Qg1+ 29. Bf1 Qe3+ 30. Be2 Qg3+ 31. Kf1 Qxf4+ 32. Kg1 Qxf6 33. Qxe4 Rxg7 34. Bxc4 Kf8 35. Bxa6 Kg8 36. b4 Bf5 37. Qe2 Qb6+ 0-1

[Event "Indore op 1st"]
[Site "Indore"]
[Date "2023.04.04"]
[Round "6"]
[White "Orozbaev, Eldiar"]
[Black "Sengupta, Deep"]
[Result "0-1"]
[WhiteElo "2313"]
[BlackElo "2484"]
[PlyCount "54"]
[EventDate "2023.04.01"]
[EventType "swiss"]
[EventRounds "10"]
[EventCountry "IND"]
[SourceTitle "CBM 213 Extra"]
[Source "ChessBase"]
[SourceDate "2023.05.31"]
[SourceVersion "1"]
[SourceVersionDate "2023.05.31"]
[SourceQuality "1"]

1. e4 c6 2. d4 d5 3. f3 e6 4. Nc3 Nf6 5. e5 Nfd7 6. f4 c5 7. Nf3 Nc6 8. Be3 Be7 9. Qd2 0-0 10. 0-0-0 c4 11. f5 b5 12. f6 gxf6 13. Bh6 Kh8 14. Bxf8 Bxf8 15. Nxb5 fxe5 16. dxe5 Ndxe5 17. Nbd4 Bg7 18. Nxe5 Nxe5 19. h4 Ng4 20. Kb1 Qb6 21. Qf4 f5 22. h5 Rb8 23. b3 e5 24. Qf3 exd4 25. h6 Be5 26. Re1 Qd6 27. Rh4 Bd7 0-1

[Event "Indore op 1st"]
[Site "Indore"]
[Date "2023.04.03"]
[Round "4"]
[White "Audi, Ameya"]
[Black "Sengupta, Deep"]
[Result "0-1"]
[WhiteElo "2387"]
[BlackElo "2484"]
[PlyCount "96"]
[EventDate "2023.04.01"]
[EventType "swiss"]
[EventRounds "10"]
[EventCountry "IND"]
[SourceTitle "CBM 213 Extra"]
[Source "ChessBase"]
[SourceDate "2023.05.31"]
[SourceVersion "1"]
[SourceVersionDate "2023.05.31"]
[SourceQuality "1"]

1. e4 e6 2. d4 d5 3. Nc3 Bb4 4. e5 c5 5. a3 Bxc3+ 6. bxc3 Qc7 7. h4 Nc6 8. h5 f6 9. h6 g6 10. f4 Bd7 11. Nf3 0-0-0 12. a4 g5 13. g4 gxf4 14. Bxf4 Nge7 15. Bh2 f5 16. g5 Be8 17. Bf4 Ng6 18. Bc1 Qa5 19. Qd2 c4 20. Ba3 Rg8 21. Bh3 Nh8 22. Nh4 Kb8 23. Kf2 Ka8 24. Rhg1 Bh5 25. Ng2 Ng6 26. Rh1 Rd7 27. Bxf5 Rf7 28. Rxh5 Rxf5+ 29. Kg1 Qxa4 30. Qd1 Qa5 31. Qe1 Rf3 32. Bb2 Qb6 33. Rb1 Nf4 34. Nxf4 Rxf4 35. Ba3 Qa5 36. Qg3 Rf5 37. Ra1 a6 38. Kg2 Qa4 39. Ra2 Na7 40. Qg4 Rg6 41. Kh3 Nb5 42. Qg3 Nxa3 43. Kg4 Qa5 44. Qe3 Rg8 45. Kh4 Qb6 46. Rxa3 Qb1 47. Kg3 Qd1 48. Kh4 Rgf8 0-1

[Event "Indore op 1st"]
[Site "Indore"]
[Date "2023.04.02"]
[Round "2"]
[White "Vignesh, B."]
[Black "Sengupta, Deep"]
[Result "0-1"]
[WhiteElo "2262"]
[BlackElo "2484"]
[PlyCount "98"]
[EventDate "2023.04.01"]
[EventType "swiss"]
[EventRounds "10"]
[EventCountry "IND"]
[SourceTitle "CBM 213 Extra"]
[Source "ChessBase"]
[SourceDate "2023.05.31"]
[SourceVersion "1"]
[SourceVersionDate "2023.05.31"]
[SourceQuality "1"]

1. e4 e6 2. Nf3 d5 3. d3 c5 4. Nbd2 Nc6 5. g3 g6 6. Bg2 Bg7 7. 0-0 Nge7 8. c3 0-0 9. Re1 e5 10. exd5 Nxd5 11. Nb3 b6 12. d4 exd4 13. cxd4 c4 14. Ne5 Nxe5 15. dxe5 Bb7 16. Nd4 Re8 17. f4 Qd7 18. Nc2 Red8 19. Be3 Rac8 20. Bf2 Bf8 21. a3 c3 22. b4 Qc7 23. Qc1 a5 24. bxa5 Bc5 25. Bxc5 Qxc5+ 26. Kh1 bxa5 27. f5 Qf2 28. fxg6 hxg6 29. e6 Nf6 30. exf7+ Kxf7 31. Bxb7 Rd2 32. Qxd2 cxd2 33. Rf1 Qxf1+ 34. Rxf1 Rxc2 35. Bf3 Rc1 36. Kg2 Ne4 37. Bd1+ Ke6 38. Kf3 Nc3 39. Ke3 Rxd1 40. Rxd1 Nxd1+ 41. Kxd2 Nf2 42. Ke2 Ne4 43. Kd3 Kd5 44. Ke3 a4 45. Kf4 Nd6 46. Kg5 Nc4 47. Kxg6 Nxa3 48. h4 Nc4 49. h5 a3 0-1